| 000 | 00337nam a22001337a 4500 | ||
|---|---|---|---|
| 008 | 170904b xxu||||| |||| 00| 0 eng d | ||
| 020 | _a9780072827583 | ||
| 041 | _aeng | ||
| 080 | _a070 | ||
| 100 | _a40 | ||
| 101 | _aMED | ||
| 245 |
_aINTRODUCTION MASS COMMUNICATION MEDIA LITERATURE AND CULTURE _cBARAN.S.J |
||
| 942 |
_2udc _cBK |
||
| 999 |
_c26068 _d26068 |
||